00562nam a22001217a 450000500170000000800410001702000180005824500440007626000580012030000290017850002130020765000200042020241126195444.0241126b |||||||| |||| 00| 0 eng d a978040601003X aThe All England Law Reports 1992 Vol. 4 aLondon, UKbButterworths & Co. (Publishing) Ltdc1992 axiv, 1024 pagesc23.5 cm aEditor ; Hutchesson Peter LLM. Barrister, New Zealand. Assistant Editor ; Watson Brook of Lincoln Inn, Barrister and of the New South Wales Bar. Consulting Editor : Shockett Wendy of Gray's Inn, Barrister. 2Law ReportsxUK